| 000 | 02309nam a22006377a 4500 | ||
|---|---|---|---|
| 001 | 11276307 | ||
| 003 | LIBRIS | ||
| 005 | 20241105172529.0 | ||
| 006 | m | | | ||
| 007 | cr ||| ||||| | ||
| 007 | cr ||| ||||| | ||
| 008 | 090113s2000 ctu|||||sb||||001 0|eng|c | ||
| 020 | _a0300087004 (alk. paper) | ||
| 020 | _a9780300087154 | ||
| 020 | _a9780300132984 | ||
| 020 | _a0300087152 (pbk.) | ||
| 035 | _a(CaPaEBR)ebr10210225 | ||
| 035 | _a(ALMA)991001027507703631 | ||
| 035 | _a(WaSeSS)ssj0000175208 | ||
| 035 | _a(WaSeSS)ssj0000175208 | ||
| 035 | _a(ALMA)993455039503662 | ||
| 035 | _a(EBZ)ebs591109e | ||
| 035 | _a(EBZ)ebs591109e | ||
| 035 | _a(ALMA)9919268681105121 | ||
| 035 | _a(EBZ)ebs591109e | ||
| 035 | _a(EBZ)ebs591109e | ||
| 035 | _a(EBZ)ebs591109e | ||
| 035 | _a(ALMA)996951956903661 | ||
| 035 | _a(EBZ)ebs591109e | ||
| 035 | _a(ALMA)991001001153903211 | ||
| 035 | _a(ALMA)999340560203663 | ||
| 035 | _a(EBZ)ebs591109e | ||
| 035 | _a(ALMA)9921376030804996 | ||
| 035 | _a(WaSeSS)ssj0000175208 | ||
| 035 | _a(EBZ)ebs591109e | ||
| 040 |
_aCaPaEBR _cCaPaEBR _ea |
||
| 041 | _aeng | ||
| 050 | 4 | _aD204 | |
| 080 |
_a94 _bG-54 |
||
| 082 | 0 | 4 |
_a909.82 _221 |
| 084 |
_aK.5 _2kssb/8 (machine generated) |
||
| 100 | 1 |
_aGlover, Jonathan _4aut |
|
| 245 | 1 | 0 |
_aHumanity _h[Elektronisk resurs] _ba moral history of the twentieth century / _cJonathan Glover. |
| 264 | 1 |
_aNew Haven, Conn. _bYale Nota Bene, _c2000 |
|
| 300 |
_axii, 464 s. _c24 cm. |
||
| 500 | _aOriginally published: London : J. Cape, 1999 | ||
| 504 | _aIncludes bibliographical references (p. [415]-447) and index. | ||
| 505 | 8 | _apt. 1. Ethics without the moral law -- pt. 2. The moral psychological of waging war -- pt. 3. Tribalism -- pt. 4. War as a trap -- pt. 5. Belief and terror : Stalin and his years -- pt. 6. The will to create mankind anew : the Nazi experiment -- pt. 7. On the recent moral history of humanity. | |
| 533 |
_aElectronic reproduction. _bPalo Alto, Calif. _cebrary _d2008. |
||
| 650 | 0 |
_aHistory, Modern _y20th century _xMoral and ethical aspects. |
|
| 650 | 0 |
_aHistory _9252 |
|
| 653 | _aისტორია | ||
| 653 | _aთანამედროვე ისტორია | ||
| 655 | 7 |
_aElectronic books. _2local |
|
| 942 |
_2udc _cBK |
||
| 999 |
_c519 _d519 |
||